Statistics for A Tribe Called Quest Discography

Click here to take the quiz!

General Stats

  • This quiz has been taken 7 times
  • The average score is 38 of 94

Answer Stats

HintAnswer% Correct
Midnight MaraudersAward Tour
86%
People's Instinctive Travels and the Paths of RhythmBonita Applebum
86%
People's Instinctive Travels and the Paths of RhythmCan I Kick It?
86%
Midnight MaraudersElectric Relaxation
86%
The Low End TheorySkypager
86%
The Low End TheoryBuggin' Out
71%
The Low End TheoryCheck the Rhime
71%
The Low End TheoryExcursions
71%
People's Instinctive Travels and the Paths of RhythmHam 'n' Eggs
71%
People's Instinctive Travels and the Paths of RhythmI Left My Wallet in El Segundo
71%
The Love MovementJazz (We've Got)
71%
The Low End TheoryJazz (We've Got)
71%
Midnight MaraudersMidnight
71%
Midnight MaraudersOh My God
71%
The Love MovementOh My God (Remix)
71%
The Low End TheoryScenario
71%
The Love MovementScenario (Remix)
71%
The Low End TheoryThe Infamous Date Rape
71%
The Low End TheoryWhat?
71%
The Low End TheoryButter
57%
Midnight MaraudersLyrics to Go
57%
We Got It from Here... Thank You 4 Your ServiceSpace Program
57%
Midnight MaraudersSteve Biko (Stir It Up)
57%
Midnight MaraudersSucka N***a
57%
The Low End TheoryVerses from the Abstract
57%
The Low End TheoryVibes and Stuff
57%
Midnight MaraudersWe Can Get Down
57%
Midnight Marauders8 Million Stories
43%
Midnight MaraudersClap Your Hands
43%
People's Instinctive Travels and the Paths of RhythmDescription of a Fool
43%
We Got It from Here... Thank You 4 Your ServiceDis Generation
43%
The Low End TheoryEverything Is Fair
43%
The Love MovementFind a Way
43%
People's Instinctive Travels and the Paths of RhythmFootprints
43%
Midnight MaraudersGod Lives Through
43%
We Got It from Here... Thank You 4 Your ServiceMelatonin
43%
Midnight MaraudersMidnight Marauders Tour Guide
43%
People's Instinctive Travels and the Paths of RhythmMr. Muhammad
43%
People's Instinctive Travels and the Paths of RhythmPush it Along
43%
The Low End TheoryRap Promoter
43%
The Low End TheoryShow Business
43%
Beats, Rhymes and LifeThe Hop
43%
The Love MovementThe Love
43%
We Got It from Here... Thank You 4 Your ServiceWe the People....
43%
Beats, Rhymes and LifeWord Play
43%
People's Instinctive Travels and the Paths of RhythmAfter Hours
29%
Beats, Rhymes and LifeBaby Phife's Return
29%
The Love MovementBusta's Lament
29%
Beats, Rhymes and LifeCrew
29%
The Love MovementDa Booty
29%
We Got It from Here... Thank You 4 Your ServiceEgo
29%
Beats, Rhymes and LifeGet a Hold
29%
People's Instinctive Travels and the Paths of RhythmGo Ahead in the Rain
29%
The Love MovementHis Name Is Mutty Ranks
29%
The Love MovementHot Sex
29%
Beats, Rhymes and LifeJam
29%
Midnight MaraudersKeep It Rollin'
29%
We Got It from Here... Thank You 4 Your ServiceKids...
29%
The Love MovementLike It Like That
29%
People's Instinctive Travels and the Paths of RhythmLuck of Lucien
29%
Beats, Rhymes and LifeMind Power
29%
Beats, Rhymes and LifeMotivators
29%
The Love MovementOne Two Shit
29%
Beats, Rhymes and LifePhony Rappers
29%
People's Instinctive Travels and the Paths of RhythmPubic Enemy
29%
People's Instinctive Travels and the Paths of RhythmRhythm (Devoted to the Art of Moving Butts)
29%
Beats, Rhymes and LifeSeparate/Together
29%
We Got It from Here... Thank You 4 Your ServiceSolid Wall of Sound
29%
Beats, Rhymes and LifeStressed Out
29%
Midnight MaraudersThe Chase, Part II
29%
We Got It from Here... Thank You 4 Your ServiceThe Donald
29%
Beats, Rhymes and LifeThe Pressure
29%
We Got It from Here... Thank You 4 Your ServiceWhateva Will Be
29%
Beats, Rhymes and Life1nce Again
14%
The Love Movement4 Moms
14%
The Love MovementAgainst the World
14%
We Got It from Here... Thank You 4 Your ServiceBlack Spasmodic
14%
The Love MovementCommon Ground (Get It Goin' On)
14%
We Got It from Here... Thank You 4 Your ServiceConrad Tokyo
14%
We Got It from Here... Thank You 4 Your ServiceEnough!!
14%
The Love MovementGive Me
14%
The Love MovementHot 4 U
14%
Beats, Rhymes and LifeKeeping It Moving
14%
We Got It from Here... Thank You 4 Your ServiceLost Somebody
14%
We Got It from Here... Thank You 4 Your ServiceMobius
14%
The Love MovementMoney Maker
14%
We Got It from Here... Thank You 4 Your ServiceMovin Backwards
14%
The Love MovementPad & Pen
14%
The Love MovementRock Rock Y'all
14%
The Love MovementStart It Up
14%
The Love MovementSteppin' It Up
14%
We Got It from Here... Thank You 4 Your ServiceThe Killing Season
14%
Beats, Rhymes and LifeWhat Really Goes On
14%
People's Instinctive Travels and the Paths of RhythmYouthful Expression
14%

Score Distribution

Percentile by Number Answered

Percent of People with Each Score

Your Score History

You have not taken this quiz